János Esterházy

Bibliographic Details
Main Author: Deák, Ladislav, 1931-2011 (Author)
Format: Article
Language:Slovak
PhysicalDescription:Fotogr. 2
Subjects:

MARC

LEADER 00000nab a2200000 a 4500
001 vtls000487897
003 SK-MaSNL
005 20260303004249.0
008 160202c1993 xo 0 slo
015 |a SNBRB19rr/mm-uuuuu 
035 |a CL0488034 
040 |a SNKBUCL  |b slo  |c SNKBUCL  |e AACR2 
041 0 |a slo 
044 |a xo  |c SK 
080 |a 32-051(437.6=945.11)  |2 1981 
080 |a 943.76"19"  |2 1981 
080 |a 929 Esterházy, János  |2 1981 
100 1 |a Deák, Ladislav,  |d 1931-2011  |4 aut  |9 151090 
245 1 0 |a János Esterházy  |c Ladislav Deák 
300 |b Fotogr. 2 
600 1 7 |a Esterházy, János,  |d 1901-1957  |2 snkbucl  |9 125804 
655 7 |a články z novín a časopisov  |2 snkbucl  |9 267496 
773 0 |t Práca  |g Roč. 48, č. 16475 (17. 7. 1993), s. 14 
850 |a Slovenská národná knižnica v Martine  |a MTA001 
852 |a SNK  |b KIS3GCP 
958 |a RK 
958 |a BC 
958 |a HU 
992 |a RBX 
999 |c 1576846  |d 1578776